[Event "Landesklasse West 2015/2016"]
[Site "?"]
[Date "2016.03.13"]
[Round "7"]
[White "Schley, Thomas"]
[Black "Bauer, Wilfried"]
[Result "0-1"]
[WhiteElo "1736"]
[BlackElo "1594"]
[PlyCount "138"]
[EventDate "2016.??.??"]
[WhiteTeam "SG Trusetal 92"]
[BlackTeam "Schachclub 1998 Gotha"]

1. d4 f5 2. Nf3 g6 3. g3 Bg7 4. Bg2 d6 5. O-O Nd7 6. c3 Nh6 7. Qb3 Nf7 8. Rd1
c6 9. Nbd2 d5 10. c4 e6 11. Nf1 Nb6 12. cxd5 exd5 13. Qe3+ Qe7 14. b3 Be6 15.
Ng5 Nxg5 16. Qxg5 Bf6 17. Qd2 O-O 18. a4 Rfe8 19. Ba3 Qd8 20. e3 Nd7 21. Rac1
Bg7 22. Qd3 Nf6 23. Nd2 Bd7 24. Nf3 Ne4 25. Rc2 a5 26. Bb2 Nd6 27. Ne5 Bc8 28.
Rdc1 f4 29. Re2 Bf5 30. Qc3 fxe3 31. fxe3 Ne4 32. Qe1 Qb6 33. Bxe4 Bxe4 34. Qc3
Qc7 35. Nd3 Bf8 36. Qd2 Bd6 37. Nf4 Qb6 38. Bc3 Qxb3 39. Bxa5 Qxa4 40. Bc3 Qb3
41. Nd3 Bxd3 42. Qxd3 Ra3 43. Qc2 Qc4 44. Kf2 Qa6 45. Qb2 Qd3 46. Qc2 Qa6 47.
Qb2 Ra8 48. Be1 Qd3 49. Qc2 Qa6 50. Rb1 b5 51. Rc1 Rc8 52. e4 Qb6 53. Qd2 Be5
54. Rd1 Ra4 55. Kg2 Rxd4 56. Qc2 Rc4 57. Qb3 d4 58. Rc2 Qa6 59. Ra2 Qb7 60. Rc2
Qf7 61. Rf2 Qe6 62. Rfd2 Re8 63. Bf2 Ra4 64. Qd3 Bg7 65. Rc2 Qd6 66. Rdc1 Rc8
67. Rc5 Qe6 68. h3 Ra2 69. Rxc6 Rxf2+ 0-1

[Event "Landesklasse West 2015/2016"]
[Site "?"]
[Date "2016.03.13"]
[Round "7"]
[White "Schlick, Stefan"]
[Black "Hepp, Ingolf"]
[Result "1-0"]
[WhiteElo "1714"]
[BlackElo "1498"]
[PlyCount "101"]
[EventDate "2016.??.??"]
[WhiteTeam "Schachclub 1998 Gotha"]
[BlackTeam "SG Trusetal 92"]

1. d4 d5 2. c4 e6 3. Nc3 Nf6 4. cxd5 exd5 5. Bg5 Be7 6. e3 c6 7. Bd3 Nbd7 8.
Nge2 h6 9. Bh4 Nh5 10. Bxe7 Qxe7 11. g4 Nhf6 12. Ng3 Nb6 13. Nf5 Bxf5 14. gxf5
Nc4 15. Qe2 b5 16. Rg1 Rg8 17. O-O-O a5 18. f3 a4 19. e4 b4 20. Nb1 b3 21. a3
Nb6 22. e5 Nfd7 23. f6 Nxf6 24. exf6 Qxe2 25. Bxe2 g5 26. h4 Nd7 27. f4 g4 28.
Rxg4 Nxf6 29. Rxg8+ Nxg8 30. Nc3 Nf6 31. Bf3 Kd7 32. Rg1 Ke6 33. Bg4+ Kd6 34.
Bf5 c5 35. dxc5+ Kxc5 36. Kd2 d4 37. Ne4+ Nxe4+ 38. Bxe4 Re8 39. Rc1+ Kb6 40.
Bc6 Rc8 41. Bxa4 Rg8 42. Rc6+ Kb7 43. Rc4 Rg2+ 44. Kd3 Rxb2 45. Kxd4 Rf2 46.
Ke3 Rh2 47. Bxb3 Rh3+ 48. Ke4 Rxb3 49. Rb4+ Rxb4+ 50. axb4 Kb6 51. Kf5 1-0

[Event "Landesklasse West 2015/2016"]
[Site "?"]
[Date "2016.03.13"]
[Round "7"]
[White "Voigt, Uwe"]
[Black "Grabner, Stefan"]
[Result "0-1"]
[WhiteElo "1538"]
[BlackElo "2037"]
[PlyCount "80"]
[EventDate "2016.??.??"]
[WhiteTeam "SG Trusetal 92"]
[BlackTeam "Schachclub 1998 Gotha"]

1. b4 d5 2. Bb2 Bf5 3. e3 Nf6 4. c4 e6 5. c5 a5 6. a3 Na6 7. Qb3 Be7 8. Nf3 O-O
9. Bxa6 Rxa6 10. O-O Nd7 11. Rc1 Be4 12. Ne1 c6 13. d3 Bf5 14. Nd2 Bf6 15. Ndf3
Qc7 16. Bxf6 gxf6 17. Nh4 Bg6 18. Nxg6 hxg6 19. Nf3 Kg7 20. h3 Rfa8 21. Qc3 Ne5
22. Nxe5 fxe5 23. Qb2 f6 24. Rcb1 b5 25. cxb6 Rxb6 26. Qc3 Qb7 27. Rc1 axb4 28.
axb4 Rxa1 29. Qxa1 Rxb4 30. g3 c5 31. Kg2 c4 32. dxc4 d4+ 33. Kg1 dxe3 34. fxe3
Qf3 35. Qa7+ Rb7 36. Qc5 Qxg3+ 37. Kh1 Qxh3+ 38. Kg1 Qg3+ 39. Kf1 Qf3+ 40. Ke1
Rb2 0-1

[Event "Landesklasse West 2015/2016"]
[Site "?"]
[Date "2016.03.13"]
[Round "7"]
[White "Schmidt, Helge"]
[Black "Kasper, Enrico"]
[Result "1-0"]
[WhiteElo "1838"]
[BlackElo "1132"]
[PlyCount "55"]
[EventDate "2016.??.??"]
[WhiteTeam "Schachclub 1998 Gotha"]
[BlackTeam "SG Trusetal 92"]

1. f4 d6 2. Nf3 Bf5 3. d3 Nc6 4. g3 e5 5. e4 Bg4 6. Be2 f5 7. Nc3 Nf6 8. h3 Bh5
9. exf5 Bf7 10. g4 Nd5 11. fxe5 Nxc3 12. bxc3 dxe5 13. Be3 h6 14. Nd2 Bd5 15.
Bf3 Qh4+ 16. Bf2 Bxf3 17. Qxf3 Qf6 18. Ne4 Qe7 19. a4 O-O-O 20. O-O Qf7 21. Be3
Be7 22. Rfb1 Na5 23. Rb5 b6 24. Rxe5 Bf6 25. Re6 Rhe8 26. Nxf6 gxf6 27. Qe4
Rxe6 28. fxe6 1-0

[Event "Landesklasse West 2015/2016"]
[Site "?"]
[Date "2016.04.17"]
[Round "8"]
[White "Essegern, Kurt"]
[Black "Hocke, Sebastian"]
[Result "1/2-1/2"]
[WhiteElo "1965"]
[BlackElo "2043"]
[PlyCount "39"]
[EventDate "2016.??.??"]
[WhiteTeam "Randspringer Bad Salzungen"]
[BlackTeam "ESV Lok Meiningen"]

1. e4 c5 2. Nf3 d6 3. d4 cxd4 4. Nxd4 Nf6 5. Nc3 a6 6. Bg5 Nbd7 7. f4 Qc7 8.
Qf3 h6 9. Bxf6 Nxf6 10. f5 b5 11. O-O-O Bb7 12. g4 Rc8 13. a3 Qc5 14. Bg2 Nd7
15. Nd5 Ne5 16. Qe2 g6 17. fxg6 Nxg6 18. Nb3 Qc4 19. Qxc4 Rxc4 20. Na5 1/2-1/2

[Event "Landesklasse West 2015/2016"]
[Site "?"]
[Date "2016.04.17"]
[Round "8"]
[White "Jörges, Frank"]
[Black "Hübschmann, Holger"]
[Result "1/2-1/2"]
[WhiteElo "1823"]
[BlackElo "1903"]
[PlyCount "31"]
[EventDate "2016.??.??"]
[WhiteTeam "ESV Lok Meiningen"]
[BlackTeam "Randspringer Bad Salzungen"]

1. d4 Nf6 2. Nf3 d6 3. Bf4 Bg4 4. Nbd2 Nbd7 5. h3 Bxf3 6. Nxf3 c6 7. c3 g6 8.
e3 Bg7 9. Bd3 O-O 10. O-O Re8 11. e4 e5 12. dxe5 Nxe5 13. Nxe5 dxe5 14. Be3 b6
15. Qe2 Qc7 16. Rad1 1/2-1/2

[Event "Landesklasse West 2015/2016"]
[Site "?"]
[Date "2016.04.17"]
[Round "8"]
[White "Essegern, Uwe"]
[Black "Lehmann, Peter"]
[Result "1/2-1/2"]
[WhiteElo "1850"]
[BlackElo "1888"]
[PlyCount "22"]
[EventDate "2016.??.??"]
[WhiteTeam "Randspringer Bad Salzungen"]
[BlackTeam "ESV Lok Meiningen"]

1. e4 e6 2. d4 d5 3. Nd2 c5 4. exd5 exd5 5. Ngf3 Nf6 6. Bb5+ Bd7 7. Bxd7+ Nbxd7
8. O-O Be7 9. dxc5 Nxc5 10. Nb3 O-O 11. Be3 Nce4 1/2-1/2

[Event "Landesklasse West 2015/2016"]
[Site "?"]
[Date "2016.04.17"]
[Round "8"]
[White "Grube, Jan"]
[Black "Schulz, Tilo"]
[Result "1-0"]
[WhiteElo "1812"]
[BlackElo "1870"]
[PlyCount "119"]
[EventDate "2016.??.??"]
[WhiteTeam "ESV Lok Meiningen"]
[BlackTeam "Randspringer Bad Salzungen"]

1. c4 g6 2. d4 Nf6 3. Nc3 Bg7 4. e4 d6 5. Nf3 O-O 6. Be2 e5 7. dxe5 dxe5 8.
Qxd8 Rxd8 9. Bg5 Re8 10. O-O-O c6 11. Nxe5 Nxe4 12. Nxe4 Bxe5 13. Bf3 Nd7 14.
Nd6 Bxd6 15. Rxd6 Ne5 16. Be2 Be6 17. b3 Kg7 18. h3 f6 19. Be3 Nf7 20. Rd2 Rad8
21. Rhd1 Rxd2 22. Rxd2 b6 23. a4 Rd8 24. Rxd8 Nxd8 25. a5 c5 26. axb6 axb6 27.
Bf4 Nc6 28. Bc7 Nd4 29. Bd3 b5 30. cxb5 Bd5 31. f3 Nxb3+ 32. Kb2 Nd4 33. b6 Bb7
34. Be4 Nc6 35. Kc3 Na5 36. Bxb7 Nxb7 37. Kc4 Kf7 38. Kd5 c4 39. Kxc4 Ke6 40.
g4 h5 41. Bg3 f5 42. Kd4 hxg4 43. fxg4 fxg4 44. hxg4 Na5 45. Be1 Nb7 46. Bd2
Kd6 47. Bf4+ Ke6 48. Kc4 Kd7 49. Kd5 Na5 50. g5 Nb7 51. Bc7 Na5 52. Ke5 Ke7 53.
Bd6+ Kd7 54. Kd5 Nb7 55. Bc7 Na5 56. Kc5 Nb7+ 57. Kb5 Kc8 58. Kc6 Na5+ 59. Kd6
Nb7+ 60. Ke6 1-0

[Event "Landesklasse West 2015/2016"]
[Site "?"]
[Date "2016.04.17"]
[Round "8"]
[White "Feldmann, Bernd"]
[Black "Holland-Cunz, Dietrich"]
[Result "1/2-1/2"]
[WhiteElo "1852"]
[BlackElo "1788"]
[PlyCount "44"]
[EventDate "2016.??.??"]
[WhiteTeam "Randspringer Bad Salzungen"]
[BlackTeam "ESV Lok Meiningen"]

1. d4 d5 2. Nf3 Nf6 3. Bg5 c6 4. c3 h6 5. Bh4 Bf5 6. Nbd2 Nbd7 7. Qb3 Qb6 8. e3
e6 9. Be2 Bd6 10. O-O O-O 11. Rac1 Qxb3 12. Nxb3 Ne4 13. Nfd2 Nxd2 14. Nxd2 g5
15. Bg3 Bxg3 16. hxg3 e5 17. f3 exd4 18. exd4 Rfe8 19. Kf2 Re6 20. g4 Rae8 21.
Rfe1 Bg6 22. Bf1 f5 1/2-1/2

[Event "Landesklasse West 2015/2016"]
[Site "?"]
[Date "2016.04.17"]
[Round "8"]
[White "Latka, Vera"]
[Black "Roth, Ralf"]
[Result "0-1"]
[WhiteElo "1754"]
[BlackElo "1789"]
[PlyCount "42"]
[EventDate "2016.??.??"]
[WhiteTeam "ESV Lok Meiningen"]
[BlackTeam "Randspringer Bad Salzungen"]

1. e4 d6 2. d4 Nf6 3. Nc3 g6 4. Be2 Bg7 5. Be3 O-O 6. Qd2 Nc6 7. h3 e5 8. d5
Ne7 9. Rd1 Nxe4 10. Nxe4 f5 11. Nc3 f4 12. Nf3 fxe3 13. Qxe3 Nf5 14. Qc1 Qe7
15. Ne4 Nh4 16. Rg1 Bxh3 17. Nxh4 Qxh4 18. gxh3 Qxe4 19. Rd3 Qh4 20. Rgg3 e4
21. Rb3 Bd4 0-1

[Event "Landesklasse West 2015/2016"]
[Site "?"]
[Date "2016.04.17"]
[Round "8"]
[White "Kunze, Heinz"]
[Black "Grube, Paul"]
[Result "1-0"]
[WhiteElo "1661"]
[BlackElo "979"]
[PlyCount "119"]
[EventDate "2016.??.??"]
[WhiteTeam "Randspringer Bad Salzungen"]
[BlackTeam "ESV Lok Meiningen"]

1. e4 e5 2. Nf3 Nc6 3. Bb5 Nge7 4. d3 d5 5. Nxe5 Qd6 6. Nxc6 Nxc6 7. exd5 Qxd5
8. Bxc6+ Qxc6 9. O-O Bc5 10. d4 Be7 11. Re1 Be6 12. Nd2 O-O 13. Nf3 Rfe8 14.
Ne5 Qd5 15. c4 Qd6 16. d5 Bf5 17. f4 f6 18. Nd3 c6 19. Be3 cxd5 20. Bc5 Qd7 21.
Rxe7 Rxe7 22. Bxe7 Qxe7 23. cxd5 Rd8 24. Nf2 Qc5 25. Rc1 Qxd5 26. Qxd5+ Rxd5
27. Rc7 Rb5 28. Nd1 Bg4 29. Ne3 Be6 30. b3 a5 31. f5 Bxf5 32. Nxf5 Rxf5 33.
Rxb7 h5 34. a4 Kh7 35. Rb5 Kg6 36. h3 Kg5 37. g3 Kg6 38. Kg2 Kg5 39. b4 axb4
40. Rxb4 Ra5 41. Rb5+ Rxb5 42. axb5 f5 43. b6 f4 44. b7 fxg3 45. Kxg3 h4+ 46.
Kf3 Kf5 47. b8=Q g5 48. Qc8+ Kg6 49. Kg4 Kf6 50. Qf5+ Ke7 51. Qxg5+ Kd6 52.
Kxh4 Ke6 53. Kg4 Kd6 54. h4 Ke6 55. h5 Kd6 56. h6 Ke6 57. h7 Kf7 58. Kf5 Ke8
59. Qg7 Kd8 60. h8=Q# 1-0

[Event "Landesklasse West 2015/2016"]
[Site "?"]
[Date "2016.04.17"]
[Round "8"]
[White "Grube, Joachim"]
[Black "Mäurer, Michael"]
[Result "0-1"]
[WhiteElo "1497"]
[BlackElo "1525"]
[PlyCount "96"]
[EventDate "2016.??.??"]
[WhiteTeam "ESV Lok Meiningen"]
[BlackTeam "Randspringer Bad Salzungen"]

1. e4 d5 2. exd5 Qxd5 3. Nc3 Qd6 4. d4 Nf6 5. Be2 c6 6. Nf3 Bg4 7. a3 Bxf3 8.
Bxf3 e6 9. O-O Qc7 10. Ne4 Nbd7 11. c4 Nxe4 12. Bxe4 Nf6 13. Bc2 O-O-O 14. g3
h5 15. Be3 c5 16. d5 exd5 17. Bf5+ Kb8 18. cxd5 Nxd5 19. Bd2 h4 20. Qf3 hxg3
21. fxg3 Ka8 22. Rfd1 Nb6 23. Rac1 Be7 24. b3 Bf6 25. Be3 Rxd1+ 26. Qxd1 Rd8
27. Qg4 g6 28. Rxc5 gxf5 29. Qxf5 Qe7 30. Kf2 Re8 31. Qf4 Be5 32. Qf3 Qf6 33.
Ra5 Qxf3+ 34. Kxf3 Bc7 35. h4 Kb8 36. h5 Rxe3+ 37. Kxe3 Nc4+ 38. bxc4 Bxa5 39.
Kd3 Bd8 40. Ke4 Bf6 41. g4 Kc7 42. Kf5 Bg7 43. g5 Kd6 44. Ke4 b6 45. a4 a5 46.
g6 fxg6 47. hxg6 Kc5 48. Kd3 Kb4 0-1

[Event "Landesklasse West 2015/2016"]
[Site "?"]
[Date "2016.04.17"]
[Round "8"]
[White "Geißhirt, Marco"]
[Black "Messerschmidt, Daniel"]
[Result "1-0"]
[WhiteElo "1943"]
[BlackElo "1863"]
[PlyCount "61"]
[EventDate "2016.??.??"]
[WhiteTeam "SG Barchfeld/Breitungen"]
[BlackTeam "SG Trusetal 92"]

1. e4 c5 2. Nf3 Nc6 3. Bb5 g6 4. O-O Bg7 5. Re1 a6 6. Bf1 d6 7. h3 Nf6 8. c3
O-O 9. d4 e6 10. b3 b5 11. a4 bxa4 12. Rxa4 Bb7 13. Ba3 Qb6 14. Nbd2 Rfd8 15.
Nc4 Qc7 16. dxc5 dxc5 17. Qc2 Bf8 18. Bc1 h6 19. e5 Nd5 20. Bd3 Nde7 21. Be4
Bg7 22. Ba3 Nd5 23. Nd6 Nxe5 24. Nxb7 Nxf3+ 25. Bxf3 Bxc3 26. Rd1 Qxb7 27. Bxd5
Rxd5 28. Rxd5 Qxd5 29. Qxc3 Qd1+ 30. Kh2 Rb8 31. Bb2 1-0

[Event "Landesklasse West 2015/2016"]
[Site "?"]
[Date "2016.04.17"]
[Round "8"]
[White "Messerschmidt, Nick"]
[Black "Rommel, Uwe"]
[Result "1-0"]
[WhiteElo "1936"]
[BlackElo "1869"]
[PlyCount "117"]
[EventDate "2016.??.??"]
[WhiteTeam "SG Trusetal 92"]
[BlackTeam "SG Barchfeld/Breitungen"]

1. d4 Nf6 2. c4 d6 3. Nc3 Nbd7 4. e4 e5 5. Nf3 Be7 6. Be2 c6 7. O-O Qc7 8. h3
O-O 9. Be3 Re8 10. d5 Nf8 11. b4 Ng6 12. Qd2 Bd7 13. Rfd1 Bf8 14. Rac1 h6 15.
a4 Nh7 16. Ne1 a5 17. bxa5 Rxa5 18. Qb2 c5 19. Ra1 Rea8 20. Qb3 Nf4 21. Bxf4
exf4 22. Rdb1 R8a7 23. Bd1 g6 24. Ra3 Qc8 25. Nb5 Bxb5 26. cxb5 Nf6 27. Qf3 Qe8
28. Bc2 Qe5 29. Qd3 Nd7 30. Nf3 Qf6 31. Nd2 Nb6 32. Nc4 Nxc4 33. Qxc4 b6 34.
Rf3 Qe5 35. Qd3 Bg7 36. Qd2 g5 37. g3 fxg3 38. Rxg3 Qd4 39. Rd3 Qe5 40. Rf3 Qd4
41. Qe2 Re7 42. Re3 Qe5 43. Qg4 Rc7 44. Rg3 Kf8 45. Kg2 Qd4 46. Rg1 Be5 47. Rf3
Qd2 48. Bd1 c4 49. Qh5 c3 50. Qxh6+ Ke8 51. Qh7 Bf4 52. h4 c2 53. Bxc2 Rxc2 54.
hxg5 Rxa4 55. g6 fxg6 56. Qxg6+ Kd7 57. Qg7+ Kc8 58. Rh1 Kb8 59. Rh7 1-0

[Event "Landesklasse West 2015/2016"]
[Site "?"]
[Date "2016.04.17"]
[Round "8"]
[White "Reum, Lutz"]
[Black "Ribitzki, Mathias"]
[Result "0-1"]
[WhiteElo "1796"]
[BlackElo "1761"]
[PlyCount "90"]
[EventDate "2016.??.??"]
[WhiteTeam "SG Barchfeld/Breitungen"]
[BlackTeam "SG Trusetal 92"]

1. d4 d5 2. Nf3 Nf6 3. Nbd2 e6 4. e3 Be7 5. Bd3 Nbd7 6. O-O c5 7. c3 O-O 8. Qe2
b6 9. e4 dxe4 10. Nxe4 Bb7 11. Bg5 Nxe4 12. Bxe7 Qxe7 13. Bxe4 Bxe4 14. Qxe4
Nf6 15. Qh4 Qc7 16. Rad1 Rad8 17. dxc5 Qxc5 18. Qa4 b5 19. Qb3 Rd5 20. Rxd5
Nxd5 21. Nd4 b4 22. Rc1 bxc3 23. bxc3 Nf4 24. Rc2 Qe5 25. Nf3 Qc7 26. c4 Rb8
27. Qe3 Rb1+ 28. Ne1 Qa5 29. Kf1 Nxg2 30. Kxg2 Rxe1 31. Qd2 Qxd2 32. Rxd2 g6
33. Rc2 Rd1 34. c5 Rd7 35. c6 Rc7 36. Kf3 Kf8 37. Ke4 Ke7 38. f4 f6 39. Rc3 Kd6
40. Ra3 Kxc6 41. Ra6+ Kd7 42. Kd4 h6 43. h4 Ke7 44. a4 Rd7+ 45. Kc4 g5 0-1

[Event "Landesklasse West 2015/2016"]
[Site "?"]
[Date "2016.04.17"]
[Round "8"]
[White "Willner, Holger"]
[Black "Crivellaro, Heiko"]
[Result "0-1"]
[WhiteElo "1779"]
[BlackElo "1792"]
[PlyCount "94"]
[EventDate "2016.??.??"]
[WhiteTeam "SG Trusetal 92"]
[BlackTeam "SG Barchfeld/Breitungen"]

1. e4 e5 2. Nf3 Nf6 3. Nxe5 d6 4. Nf3 Nxe4 5. d4 d5 6. Bd3 Bg4 7. O-O Bd6 8. c4
c6 9. Nc3 Nxc3 10. bxc3 O-O 11. h3 Be6 12. c5 Be7 13. Ne5 g6 14. f4 f5 15. Qe2
Bc8 16. Bd2 Nd7 17. Rae1 Nxe5 18. fxe5 Be6 19. Bh6 Rf7 20. Qe3 b6 21. cxb6 axb6
22. Bb1 c5 23. Qf3 Ra3 24. Bc1 Ra4 25. Rd1 Bg5 26. Bc2 Ra5 27. Bb1 Bxc1 28.
Rxc1 Ra3 29. Qe2 c4 30. Rf3 Raa7 31. Rcf1 b5 32. Qe1 Qb6 33. Qd2 Rab7 34. g4
fxg4 35. Rxf7 Rxf7 36. Rxf7 Bxf7 37. hxg4 Qd8 38. g5 Qd7 39. Bc2 Qh3 40. a4
bxa4 41. Bxa4 Be6 42. Bc6 Qg3+ 43. Kh1 Qf3+ 44. Qg2 Qxc3 45. Bxd5 Qe1+ 46. Kh2
Qh4+ 47. Kg1 Qxd4+ 0-1

[Event "Landesklasse West 2015/2016"]
[Site "?"]
[Date "2016.04.17"]
[Round "8"]
[White "Schmidt, Kevin"]
[Black "Schley, Thomas"]
[Result "1-0"]
[WhiteElo "1563"]
[BlackElo "1736"]
[PlyCount "103"]
[EventDate "2016.??.??"]
[WhiteTeam "SG Barchfeld/Breitungen"]
[BlackTeam "SG Trusetal 92"]

1. d4 d5 2. c4 c6 3. Nc3 Nf6 4. Bg5 e6 5. e3 Be7 6. Nf3 Nbd7 7. cxd5 exd5 8.
Bd3 h6 9. Bf4 Nh5 10. Be5 Nxe5 11. Nxe5 Nf6 12. O-O Bd6 13. f4 O-O 14. h3 c5
15. Nb5 Be7 16. Nc3 cxd4 17. exd4 Qb6 18. Rf2 Rd8 19. Na4 Qa5 20. Re2 Bd6 21.
a3 Bd7 22. Nc3 a6 23. b4 Qb6 24. Kh2 Rac8 25. Nxd7 Rxd7 26. Na4 Qc7 27. Rc2
Bxf4+ 28. Kh1 Qd8 29. Rxc8 Qxc8 30. Bf5 Ne4 31. Qf3 Ng3+ 32. Kg1 Qe8 33. Bxd7
Qxd7 34. Nc5 Qe7 35. Kf2 Qg5 36. Re1 Nf5 37. Re8+ Kh7 38. Nd3 Bg3+ 39. Kg1 h5
40. Kf1 Nxd4 41. Qxf7 Qd2 42. Qxh5+ Qh6 43. Qxd5 Qg6 44. Re4 Qf6+ 45. Kg1 Nf5
46. Re6 Qa1+ 47. Ne1 g6 48. Qxb7+ Kh6 49. Qe4 Kg7 50. Qg4 Qd4+ 51. Qxd4+ Nxd4
52. Re4 1-0

[Event "Landesklasse West 2015/2016"]
[Site "?"]
[Date "2016.04.17"]
[Round "8"]
[White "Hepp, Ingolf"]
[Black "Reum, Jonathan"]
[Result "1-0"]
[WhiteElo "1498"]
[BlackElo "1596"]
[PlyCount "91"]
[EventDate "2016.??.??"]
[WhiteTeam "SG Trusetal 92"]
[BlackTeam "SG Barchfeld/Breitungen"]

1. e4 g6 2. f4 Bg7 3. c3 c5 4. Nf3 Nc6 5. Be2 Nf6 6. d3 Qb6 7. Nbd2 O-O 8. Nf1
a6 9. h3 d6 10. g4 Re8 11. Ng3 e5 12. f5 d5 13. g5 dxe4 14. dxe4 Rd8 15. Qb3
Nd7 16. Qxb6 Nxb6 17. f6 Bf8 18. h4 Be6 19. h5 Bc4 20. hxg6 fxg6 21. b3 Bd3 22.
Bd2 c4 23. Rh4 a5 24. Nf1 a4 25. b4 a3 26. Ne3 Bxe2 27. Kxe2 Re8 28. Rah1 h5
29. gxh6 Nd7 30. f7+ Kxf7 31. Ng5+ Ke7 32. Nd5+ Kd6 33. Nf7+ Ke6 34. h7 Bg7 35.
Ng5+ Kd6 36. Rf1 Nd8 37. Nf7+ Nxf7 38. Rxf7 Bh8 39. Bh6 Ke6 40. Rf3 Nf6 41.
Nc7+ Kd7 42. Nxa8 Rxa8 43. Bg5 Nh5 44. Rf7+ Kc6 45. Rh2 Rd8 46. Bxd8 1-0

[Event "Landesklasse West 2015/2016"]
[Site "?"]
[Date "2016.04.17"]
[Round "8"]
[White "Abe, Rico"]
[Black "Voigt, Uwe"]
[Result "1/2-1/2"]
[WhiteElo "1651"]
[BlackElo "1538"]
[PlyCount "104"]
[EventDate "2016.??.??"]
[WhiteTeam "SG Barchfeld/Breitungen"]
[BlackTeam "SG Trusetal 92"]

1. e4 e6 2. d4 d5 3. Nc3 dxe4 4. Nxe4 Nf6 5. Nxf6+ Qxf6 6. Nf3 Bd6 7. Bd3 h6 8.
c3 O-O 9. Be3 Re8 10. O-O Nc6 11. Re1 Bd7 12. Bc2 Ne7 13. Ne5 Bc6 14. Nxc6 Nxc6
15. Qg4 Ne7 16. Bd2 Nf5 17. g3 c6 18. Re2 Kf8 19. Rae1 Ne7 20. Re3 g5 21. Rf3
Qg7 22. Rxe6 Bf4 23. Bxf4 gxf4 24. Qxf4 Nd5 25. Qd6+ Kg8 26. Rxe8+ Rxe8 27. Bb3
Re1+ 28. Kg2 Qg5 29. Bxd5 Qxd5 30. Qxd5 cxd5 31. Rf5 Re2 32. Rxd5 Rxb2 33. Ra5
a6 34. Kf3 Rc2 35. Ra3 a5 36. h4 b5 37. Ke3 a4 38. f4 Kg7 39. Kf3 Kg6 40. g4 f5
41. h5+ Kf6 42. gxf5 Kxf5 43. d5 Rd2 44. c4 bxc4 45. Rxa4 Rxd5 46. Rxc4 Rd3+
47. Ke2 Ra3 48. Rc6 Kxf4 49. Rxh6 Rxa2+ 50. Kd3 Kg5 51. Rh8 Ra6 52. Ke4 Rh6
1/2-1/2

[Event "Landesklasse West 2015/2016"]
[Site "?"]
[Date "2016.04.17"]
[Round "8"]
[White "Berger, Frank"]
[Black "Heß, Wolfgang"]
[Result "0-1"]
[WhiteElo "1662"]
[BlackElo "1717"]
[PlyCount "30"]
[EventDate "2016.??.??"]
[WhiteTeam "SG Trusetal 92"]
[BlackTeam "SG Barchfeld/Breitungen"]

1. e4 c5 2. Nf3 Nc6 3. d4 cxd4 4. Nxd4 a6 5. Be3 Nf6 6. Nd2 d6 7. Be2 g6 8. c3
Bg7 9. O-O O-O 10. f4 e6 11. Bf3 Bd7 12. Qe2 Rc8 13. Rad1 Qc7 14. N2b3 Nxd4 15.
Bxd4 Bb5 0-1

[Event "Landesklasse West 2015/2016"]
[Site "?"]
[Date "2016.04.17"]
[Round "8"]
[White "Rätsch, Heinz"]
[Black "Thon, Philipp"]
[Result "1-0"]
[WhiteElo "2030"]
[BlackElo "1840"]
[PlyCount "83"]
[EventDate "2016.??.??"]
[WhiteTeam "Schachclub 1998 Gotha"]
[BlackTeam "SV Ammern"]

1. Nc3 g6 2. e4 Bg7 3. Bc4 d6 4. Nf3 Nf6 5. O-O O-O 6. Qe2 Nbd7 7. d4 e5 8.
dxe5 Nxe5 9. Nxe5 dxe5 10. Rd1 Qe7 11. Bg5 c6 12. Rd2 h6 13. Bh4 g5 14. Bg3 b5
15. Bb3 a5 16. a4 b4 17. Na2 Qc5 18. Re1 Ba6 19. Qd1 Rfe8 20. Nc1 Qb6 21. Nd3
Bxd3 22. cxd3 Rad8 23. Qf3 Qb7 24. Rc1 Re7 25. Rc5 Nd7 26. Rc1 Nf8 27. h4 Rd6
28. Qe3 Rg6 29. hxg5 hxg5 30. Qc5 Qc7 31. d4 Qd8 32. d5 cxd5 33. Rxd5 Rd7 34.
Rcd1 Rxd5 35. Rxd5 Qb8 36. Qxa5 Rc6 37. Rd8 Rc1+ 38. Kh2 Qb7 39. Qd5 Qe7 40.
Qd6 Qb7 41. Rxf8+ Bxf8 42. Qg6+ 1-0

[Event "Landesklasse West 2015/2016"]
[Site "?"]
[Date "2016.04.17"]
[Round "8"]
[White "Schorch, Rüdiger"]
[Black "Rockstuhl, Reiner"]
[Result "1-0"]
[WhiteElo "1945"]
[BlackElo "1805"]
[PlyCount "81"]
[EventDate "2016.??.??"]
[WhiteTeam "SV Ammern"]
[BlackTeam "Schachclub 1998 Gotha"]

1. c4 Nf6 2. Nc3 g6 3. e4 e5 4. Nf3 d6 5. d3 Bg7 6. Be2 O-O 7. O-O Nbd7 8. h3
h6 9. Be3 c6 10. Qb3 c5 11. Qc2 b6 12. a3 a6 13. b4 Qc7 14. Qd2 Kh7 15. Rab1
Bb7 16. Nh4 Rab8 17. g3 Ng8 18. g4 Ne7 19. g5 hxg5 20. Bxg5 f6 21. Be3 g5 22.
Bxg5 fxg5 23. Qxg5 Rf6 24. Kh2 Bh6 25. Qh5 Rg8 26. Bg4 Qd8 27. Nf5 Rg5 28. Qh4
Nxf5 29. exf5 Qg8 30. Rfe1 Qg7 31. Ne4 Bxe4 32. dxe4 Kg8 33. bxc5 bxc5 34. Rb7
Qf7 35. Reb1 Qe8 36. Rc7 Nf8 37. Rbb7 Qa4 38. Rg7+ Rxg7 39. Qxf6 Bf4+ 40. Kg2
Qxc4 41. Qxg7# 1-0

[Event "Landesklasse West 2015/2016"]
[Site "?"]
[Date "2016.04.17"]
[Round "8"]
[White "Lutzkat, Ulrich"]
[Black "Wegerich, Michael"]
[Result "1/2-1/2"]
[WhiteElo "1930"]
[BlackElo "1950"]
[PlyCount "36"]
[EventDate "2016.??.??"]
[WhiteTeam "Schachclub 1998 Gotha"]
[BlackTeam "SV Ammern"]

1. g3 Nf6 2. Nf3 d5 3. Bg2 e6 4. O-O Be7 5. d3 O-O 6. Nbd2 c5 7. Re1 Nc6 8. e4
dxe4 9. dxe4 e5 10. c3 b6 11. Qc2 Ba6 12. Qa4 Bb7 13. Nc4 Qc7 14. Ne3 Rfd8 15.
Nf5 g6 16. Nxe7+ Qxe7 17. Bh6 Kh8 18. Qc2 Ng8 1/2-1/2

[Event "Landesklasse West 2015/2016"]
[Site "?"]
[Date "2016.04.17"]
[Round "8"]
[White "Kampfhenkel, Ulrich"]
[Black "Manger, Hans-Gerald"]
[Result "1/2-1/2"]
[WhiteElo "1862"]
[BlackElo "1806"]
[PlyCount "57"]
[EventDate "2016.??.??"]
[WhiteTeam "SV Ammern"]
[BlackTeam "Schachclub 1998 Gotha"]

1. e4 c5 2. Nf3 e6 3. d4 cxd4 4. Nxd4 a6 5. Nc3 Nc6 6. Be3 Qc7 7. Nxc6 bxc6 8.
Bc4 Nf6 9. O-O Bb4 10. Na4 O-O 11. Nb6 Rb8 12. Nxc8 Qxc8 13. Qd3 Ra8 14. a3 Be7
15. e5 Nd5 16. Bd2 f5 17. Bb3 a5 18. c4 Nb6 19. a4 Bc5 20. Be3 Bxe3 21. Qxe3 c5
22. f4 Qc7 23. Rfd1 Rf7 24. Qc3 Nc8 25. Rd3 Na7 26. Bd1 Nc6 27. Rd6 Nd4 28. Bh5
g6 29. Bd1 1/2-1/2

[Event "Landesklasse West 2015/2016"]
[Site "?"]
[Date "2016.04.17"]
[Round "8"]
[White "Bauer, Wilfried"]
[Black "Dawydow, Alexej"]
[Result "1-0"]
[WhiteElo "1594"]
[BlackElo "1943"]
[PlyCount "106"]
[EventDate "2016.??.??"]
[WhiteTeam "Schachclub 1998 Gotha"]
[BlackTeam "SV Ammern"]

1. f4 d5 2. Nf3 Nc6 3. e3 Nf6 4. b3 Bf5 5. Bb5 Bd7 6. Bb2 a6 7. Bxc6 Bxc6 8.
Ne5 Qd6 9. d3 Nd7 10. Nxc6 Qxc6 11. O-O h5 12. Nd2 e6 13. Nf3 Bc5 14. Qe2 f6
15. a3 Qd6 16. Kh1 c6 17. b4 Ba7 18. c4 O-O-O 19. c5 Qe7 20. e4 Nf8 21. e5 Bb8
22. d4 Ng6 23. Bc1 Qf7 24. Bd2 Rde8 25. a4 Ne7 26. b5 axb5 27. axb5 h4 28. Rfe1
Nf5 29. Kg1 Qd7 30. Reb1 Kd8 31. bxc6 Qxc6 32. Rb6 Qc8 33. Qb5 Re7 34. Ra8 Rc7
35. c6 Ke7 36. Rxb7 Rxb7 37. cxb7 Qc7 38. Ra1 Qd7 39. Bb4+ Ke8 40. Qb6 Kf7 41.
Rc1 Re8 42. Ba5 Re7 43. Rc8 Qa4 44. Rxb8 Qd1+ 45. Be1 Qe2 46. Qb1 h3 47. Bf2
hxg2 48. Rf8+ Kxf8 49. b8=Q+ Kf7 50. Q8b3 Rc7 51. Q1d1 Qe4 52. Qd2 Ra7 53. Kxg2
Rc7 1-0